Christ across the disciplines : past, present, future /
Saved in:
| Other Authors: | |
|---|---|
| Format: | Book |
| Language: | English |
| Published: |
Grand Rapids, Michigan :
William B. Eerdmans Publishing Company,
2013
|
| Subjects: | |
| Tags: |
Add Tag
No Tags, Be the first to tag this record!
|
| LEADER | 02051cam a2200397 i 4500 | ||
|---|---|---|---|
| 001 | 014209446-3 | ||
| 005 | 20141030225204.0 | ||
| 008 | 130613s2013 miu b 001 0 eng | ||
| 010 | |a 2013019866 | ||
| 020 | |a 9780802869470 (pbk. : alk. paper) | ||
| 020 | |a 0802869475 (pbk. : alk. paper) | ||
| 035 | |a (PromptCat)99960186251 | ||
| 035 | 0 | |a ocn833047141 | |
| 040 | |a DLC |b eng |e rda |c DLC |d YDX |d YDXCP |d BTCTA |d BDX |d OCLCO |d TLE |d IMC |d CHVBK |d CDX |d OCLCF | ||
| 042 | |a pcc | ||
| 050 | 0 | 0 | |a BT203 |b .C46 2013 |
| 082 | 0 | 0 | |a 261.5 |2 23 |
| 245 | 0 | 0 | |a Christ across the disciplines : |b past, present, future / |c edited by Roger Lundin. |
| 264 | 1 | |a Grand Rapids, Michigan : |b William B. Eerdmans Publishing Company, |c 2013 | |
| 300 | |a x, 232 pages ; |c 23 cm | ||
| 336 | |a text |2 rdacontent | ||
| 337 | |a unmediated |2 rdamedia | ||
| 338 | |a volume |2 rdacarrier | ||
| 504 | |a Includes bibliographical references and index. | ||
| 505 | 0 | |a The discipline of history and the perspective of faith since 1900 / David W. Bebbington -- The blessings of an uneasy conscience : creative tensions in evangelical intellectual life / John Schmalzbauer -- Science and religion : place, politics, and poetics / David N. Livingstone -- On the theology of the intellectual life / John Webster -- Christianity and the contemporary challenge / Eleonore Stump -- Modern physics and ancient faith / Stephen M. Barr -- The future of theology amid the arts : some Reformed reflections / Jeremy S. Begbie -- Emerging conversations : race and redemption in the age of Obama / Katherine Clay Bassard -- "The history and future of the world" : Christian scholars and race, culture, and nation / Sujit Sivasundaram. | |
| 600 | 0 | 0 | |a Jesus Christ. |
| 650 | 0 | |a Christianity. | |
| 650 | 7 | |a Christentum. |2 gnd | |
| 650 | 7 | |a Theologie. |2 gnd | |
| 650 | 7 | |a Interdisziplinäre Forschung. |2 gnd | |
| 600 | 0 | 7 | |a Jesus Christ. |2 fast |0 (OCoLC)fst00040116 |
| 650 | 7 | |a Christianity. |2 fast |0 (OCoLC)fst00859599 | |
| 700 | 1 | |a Lundin, Roger. | |
| 899 | |a 245_444954 | ||
| 988 | |a 20141015 | ||
| 906 | |0 DLC | ||


